The Towns of Final Fantasy VI - Statistiques

Statistiques générales
  • Ce quiz a été pris 188 fois
  • Le résultat moyen est 7 sur 11
Statistiques - réponses
Hint Réponse % Correct
Ice-mining town where Terra awakens Narshe
98%
Town south of Figaro Castle, sand escape South Figaro
89%
Town of liars & thieves Zozo
82%
Capital of the Empire Vector
72%
City of aristocrats with Auction House Jidoor
68%
Orphan village on the Veldt Mobliz
58%
Town rescued from Empire, Locke’s hometown Kohlingen
51%
Small town in the southwest, Lola lives here. Maranda
50%
Mountain town where Sabin rescues an orphan Tzen
49%
Southern town where Celes reunites with Edgar Albrook
47%
Coastal port town untouched by Empire Nikeah
43%
Aucun quiz correspondant
Distribution des résultats
% des personnes avec chaque résultat
Percentile par nombre de réponses
Votre historique - résultats
Vous n’avez pas pris ce quiz